| 000 | 00699nam a2200217 i 4500 | ||
|---|---|---|---|
| 001 | bgj | ||
| 100 | 1 | _aEVANS, Virginia | |
| 245 | 1 | 0 |
_aCAE practise tests : _bstudent's book / _cVirginia Evans. |
| 260 |
_aNewbury : _bExpress Publishing, _c2001. |
||
| 300 |
_a194 pp : _bill., photos ; _c28 cm. |
||
| 650 | 9 |
_aEnglish language _xTextbooks for foreigners |
|
| 650 | 9 |
_aEnglish language _xStudy and teaching _xForeign speakers |
|
| 650 | 9 |
_aEnglish language _xExaminations, questions, etc. _xForeign speakers |
|
| 650 | 9 |
_aCAE _xCAE practice tests |
|
| 020 | _a1843250667 | ||
| 040 | _cBPK | ||
| 041 | 0 | _aeng | |
| 920 | _a1-84325-066-7 | ||
| 942 | _cKS | ||
| 008 | s uk f |000 0 eng | ||
| 999 |
_c48423 _d48423 |
||